Implementación de datos LiDar en el desarrollo de zonificación por inundación para el plan regulador del cantón de Aserri

Na minha lista:
Detalhes bibliográficos
Autor principal: Quesada Artavia, Nancy
Formato: Livro
Idioma:Spanish
Publicado em: San José, Costa Rica 2015
Assuntos:
Tags: Adicionar Tag
Sem tags, seja o primeiro a adicionar uma tag!

MARC

LEADER 00000nam a22000007a 4500
003 012275
005 20221231143914.0
008 150923b2015 cr a|||| |||| 00| 0 spa d
040 |c cru CEDI 
090 |a TFGF 7439 
100 |9 1202  |a Quesada Artavia, Nancy  
245 |a Implementación de datos LiDar en el desarrollo de zonificación por inundación para el plan regulador del cantón de Aserri 
260 |a San José, Costa Rica  |c 2015 
500 |a Tesis (licenciatura en ingeniería agrícola)--Universidad de Costa Rica. Facultad de Ingeniería. Escuela de Ingeniería Agrícola 
650 |x SISTEMAS DE INFORMACION GEOGRAFICA  |x RADAR OPTICO  |x SENSORES REMOTOS  |x DESPRENDIMIENTOS DE TIERRAS - ASERRI (SAN JOSE, COSTA RICA)  |x RIO BURIO (COSTA RICA)  |x RECURSOS HIDRICOS  |x CUENCAS HIDROGRAFICAS  |x RIO CAÑAS (COSTA RICA)   |9 1203 
942 |c TFG 
999 |c 14022  |d 14022